Statistics for 200 Biggest Cities in the United Kingdom

Click here to take the quiz!

General Stats

  • This quiz has been taken 5,231 times
    (5,178 since last reset)
  • The average score is 72 of 200

Answer Stats

Rank Population City % Correct
17,074,000London
100%
9396,000Manchester
98%
4468,000Liverpool
96%
3610,000Glasgow
95%
2984,000Birmingham
95%
7435,000Edinburgh
93%
5455,000Leeds
90%
13302,000Cardiff
90%
27192,000Newcastle-upon-Tyne
89%
8431,000Bristol
85%
15275,000Belfast
84%
39155,000Oxford
82%
6447,000Sheffield
80%
20246,000Southampton
80%
55128,000Cambridge
79%
50139,000Brighton
79%
31184,000Aberdeen
79%
35171,000Swansea
79%
43144,000York
78%
19247,000Nottingham
78%
10339,000Leicester
77%
33178,000Norwich
75%
25194,000Portsmouth
74%
18247,000Plymouth
74%
12302,000Kingston-upon-Hull
72%
32178,000Sunderland
67%
22235,000Derby
66%
45143,000Blackpool
65%
10577,000Chester
64%
17253,000Wolverhampton
64%
14299,000Bradford
63%
59113,000Exeter
63%
11308,000Coventry
63%
40152,000Dundee
63%
44144,000Ipswich
63%
7993,000Bath
63%
21244,000Reading
63%
36164,000Bournemouth
62%
24197,000Northampton
58%
8289,000Lincoln
58%
54129,000Gloucester
54%
11773,000Carlisle
54%
26194,000Luton
53%
16260,000Stoke-on-Trent
53%
9284,000Derry
53%
46143,000Middlesbrough
53%
28191,000Preston
53%
30185,000Milton Keynes
52%
42149,000Huddersfield
51%
47141,000Bolton
51%
48140,000Peterborough
51%
58126,000Newport
51%
73100,000Worcester
49%
65106,000Blackburn
48%
13168,000Doncaster
47%
56126,000Watford
47%
38155,000Swindon
46%
61109,000Colchester
45%
11473,000Burnley
44%
9881,000Wigan
44%
15558,000Hereford
39%
14361,000Bury
39%
57118,000Rotherham
38%
8787,000Bedford
38%
12271,000Barnsley
38%
68103,000Cheltenham
38%
53134,000Slough
38%
12870,000Shrewsbury
37%
11673,000Salford
36%
10179,000Wakefield
36%
69103,000Chelmsford
36%
49139,000Stockport
36%
41150,000Poole
36%
12571,000Chesterfield
35%
66105,000Oldham
35%
13365,000Torquay
35%
9483,000Halifax
34%
9781,000Warrington
34%
9085,000St. Albans
34%
37163,000Southend-on-Sea
34%
34172,000Walsall
33%
8389,000Hastings
33%
52136,000West Bromwich
32%
12670,000Crewe
32%
7598,000Rochdale
32%
10776,000Newcastle-under-Lyme
32%
8191,000Maidstone
32%
13465,000Stafford
31%
63107,000Crawley
31%
60113,000Eastbourne
31%
14660,000Bangor
31%
12770,000Mansfield
31%
8587,000Harrogate
31%
11873,000Scunthorpe
31%
8487,000Darlington
30%
8093,000Southport
30%
8687,000Hartlepool
30%
15259,000Loughborough
29%
51138,000Telford
29%
17952,000Macclesfield
29%
7696,000Basingstoke
29%
8985,000Stevenage
29%
67104,000Woking
28%
10975,000Hove
28%
14760,000Margate
28%
10278,000Gateshead
28%
7796,000Solihull
28%
72101,000Gillingham
28%
17453,000Kettering
27%
9682,000Birkenhead
27%
14560,000Taunton
27%
70103,000St. Helens
27%
23199,000Dudley
27%
9383,000Weston-super-Mare
26%
29188,000Sutton
26%
13963,000Rugby
26%
15159,000Maidenhead
25%
7499,000Worthing
25%
15060,000Great Yarmouth
24%
71101,000Basildon
24%
11573,000Paisley
24%
18650,000Weymouth
23%
9980,000High Wycombe
23%
11075,000Aylesbury
23%
12072,000Guildford
22%
18152,000Morecambe
22%
10080,000Stockton-on-Tees
22%
10378,000Lisburn
22%
16157,000Kidderminster
22%
16057,000Dartford
21%
11374,000Nuneaton
21%
14860,000Farnborough
20%
14161,000Aldershot
20%
62108,000Dagenham
20%
11274,000Tamworth
20%
7894,000Harlow
20%
14063,000Ashford
20%
14960,000Runcorn
19%
18950,000Corby
19%
19848,000Hamilton
19%
20047,000Barrow in Furness
19%
8886,000Hemel Hempstead
19%
9184,000South Shields
19%
11174,000East Kilbride
19%
16257,000Dewsbury
18%
10477,000Redditch
18%
10876,000Chatham
18%
16556,000Sale
18%
16855,000Clacton-on-Sea
18%
17054,000Eastleigh
18%
10676,000Bracknell
18%
12171,000Lowestoft
18%
16456,000Widnes
18%
18351,000Staines
18%
64107,000Sutton Coldfield
18%
18850,000Keighley
18%
13265,000Bognor Regis
18%
18052,000Barry
17%
16954,000Gravesend
17%
19948,000Brentwood
17%
17154,000Livingston
17%
17354,000Washington
16%
14261,000Royal Tunbridge Wells
16%
12471,000Gosport
16%
13665,000Royal Leamington Spa
16%
14461,000Barking
15%
13068,000Ellesmere Port
15%
12968,000Cannock
15%
12371,000Grays
15%
17852,000Dunstable
14%
19349,000Cumbernauld
14%
18551,000Horsham
14%
15459,000Littlehampton
14%
15359,000Wallasey
14%
19150,000Paignton
13%
16356,000Stourbridge
13%
17752,000Reigate
13%
15757,000Fareham
13%
15658,000Bootle
13%
13764,000Waterlooville
12%
9582,000Beckenham
12%
19250,000Wellingborough
12%
15857,000Morley
12%
18451,000Batley
12%
18750,000Bletchley
12%
19648,000Cwmbran
11%
19050,000Hayes
11%
13565,000Kingswood
11%
17652,000Crosby
11%
13864,000Newtownabbey
11%
17254,000Acton
11%
15957,000Cheshunt
11%
11972,000Purley
11%
17552,000Esher
11%
18252,000Redhill
11%
16755,000Huyton
10%
19748,000Long Eaton
10%
16655,000Halesowen
10%
19548,000West Bridgford
9%
19449,000South Benfleet
8%

Score Distribution

Percentile by Number Answered

Percent of People with Each Score

Your Score History

You have not taken this quiz since the last reset